01028cam a2200229 a 450000500170000000800410001702000150005808200110007310000240008424500680010825000120017626000300018830000110021850003070022950000200053665000150055670000220057170000270059394200160062099900090063695201530064520230917090857.0910919s1990 sa 001 0 eng  a070212518000a346.7 1 aDe la Rey, Elmarie.10aHocklyʾs insolvency law /cElmarie de la Rey, Robert Sharrock. a5th ed. aCape Town :bJuta,c1990. c25 cm. a"This is the fifth edition of Hockly's Students' guide to the Insolvency Law of South Africa ...The previous editions were, by and large, a summary of Mars: The Law of Insolvency in South Africa ... the book is no longer merely a condensed version of Mars, but an entirely independenet work ..."--Pref. aIncludes index. 0aBankruptcy1 aSharrock, Robert.1 aHockly, Harold Edward, cBK6EMILLIE c7d7 00102ddc406346_700000000000000_HOC70913aLSNbLSNcINSOLd2023-09-17epurchasedl0o346.7 HOCpLSN/1993/10r2023-09-17 00:00:00w2023-09-17yBK